| 000 | 01413nam0a2200373 i 4500 | ||
|---|---|---|---|
| 001 | RU\NLR\BIBL_A\012502586 | ||
| 005 | 20241103121252.0 | ||
| 010 | _a9785831113068 | ||
| 021 |
_aRU _b2020-81177 _9КН-П-6156 |
||
| 035 | _a(RuMoRGB)010514998 | ||
| 035 | _a(NLR Aleph) 012502586 | ||
| 090 |
_a12237546 _c12237546 |
||
| 100 | _a20210413d2020 um y0rusy50 ca | ||
| 101 | 0 | _arus | |
| 102 | _aRU | ||
| 105 | _aa|||z|||000zy | ||
| 181 | 0 |
_ai2 _baxxe |
|
| 181 | 0 |
_ab2 _bab2e |
|
| 182 | 0 | _an | |
| 200 | 1 |
_aНебесное и земное в строгановской иконе _eвторая половина 16 - начало 17 вв. _fЛ. Такташова |
|
| 203 |
_aТекст _aИзображение _bвизуальныe _cнепосредственные |
||
| 210 |
_aВладимир _cТранзит-ИКС _d2020 |
||
| 215 |
_a159, [1] с. _cил., цв. ил. _d26 |
||
| 320 | _aБиблиогр.: с. 155-159 (99 назв.) | ||
| 606 | 1 |
_aИконопись древнерусская _z16 - 17 вв. _92388031 _3RU\NLR\AUTH\661424322 |
|
| 606 |
_aИконы православные _91563054 _3RU\NLR\AUTH\66984129 |
||
| 686 | 1 | _aЩ143(2Р=Рус)3-465.6 | |
| 686 | 2 | _aЭ372.24-575.1 | |
| 700 | 1 |
_aТакташова _bЛ.Е. _gЛариса Ефимовна |
|
| 942 | _cBOOK | ||
| 980 | _aNBR | ||